000 01008nam a2200277 c 4500
003 BLK
005 20180420223004.0
008 180408b bul|||||r ||||||| ||bul||
010 _aKNG00064791000
040 _aBLK
041 _aRUS
_cRUS
080 _aТрактори. Влекачи
_b629.114.2
_x
_z629.114.2
100 1 _aСиница, В. М.
_eпърви автор
_9120718
700 1 _aЦырин, В. Ф.
_eсъавт.
_9140587
700 1 _aСергеев, П. П.
_eсъавт.
_9290053
139 _aСиница, В. М. и др.
_bС 37 В
245 1 0 _aТракторы Т-180 и Д-804М
_bУстройство, техн. обслуживание и ремонт
_cВ. М. Синица; съавт. В. Ф. Цырин; съавт. П. П. Сергеев.
260 Москва
_bМашиностроение
_c1974
300 _a248 с.
_c22 см
380 _a62
852 _aЦб 72008
856 4 _qpdf
_u
856 4 _qpdf
_u
942 _cKNG
_n0
944 _aCR
_c13.06.2004
_kЧиталня
944 _aED
_c13.06.2004
_k
999 _c60616
_d60616